| 000 | 00825nam a2200241 a 4500 | ||
|---|---|---|---|
| 001 | 41266 | ||
| 003 | BD-RjUL | ||
| 005 | 20211209053345.0 | ||
| 008 | 160518r19902002ii |||| |||| 00| d ben d | ||
| 020 |
_a8171570305 _c: IRs. 30.00 |
||
| 035 | _a(BD-RjUL)41383 | ||
| 040 |
_aBD-RjUL _bben _cBD-RjUL _dBD-RjUL |
||
| 041 | _aben | ||
| 082 |
_223 _a891.442 _bMIN 2002 |
||
| 100 |
_aমিত্র, শাঁওলী _9126909 |
||
| 245 | 1 | 0 |
_aনাথবতী অনাথবৎ / _cশাঁওলী মিত্র |
| 250 | _a৪র্থ সং. | ||
| 260 |
_aকলিকাতা : _bএস. সি. সরকার এন্ড সন্স, _c১৯৯১ |
||
| 300 |
_a৭৯ পৃ. ; _c২৩ সেমি. |
||
| 650 |
_aবাংলা নাটক _9126910 |
||
| 650 |
_aBengali Drama _9126911 |
||
| 942 |
_2ddc _cBK |
||
| 999 |
_c41266 _d41266 |
||